Solat kesannya keatas iman & nafsu

Bibliographic Details
Corporate Author: Title
Format: Book
Published: Kuala Lumpur : Darul Nu'man , 2001
Subjects:

MARC

LEADER 00000cam a2200000 7i4500
001 0000013030
005 20080107.0
008 080107
020 |a 9830463087 
090 0 0 |a 297.3822   |b SOL 
245 1 0 |a Solat kesannya keatas iman & nafsu   |c Susunan Muhammad Abdul Latiff 
260 |a Kuala Lumpur :   |b Darul Nu'man ,   |c 2001 
650 0 |a Muslim   |x Conduct of life 
650 0 |a Prayer   |x Islam 
650 0 |a Worship (Islam) 
710 0 |a Title 
999 |a 0000923142   |b Book   |c Adult Collection   |e Cawangan Bukit Gambir 
999 |a 0000923143   |b Book   |c Adult Collection   |e Cawangan Bukit Gambir 
999 |a 0000936242   |b Book   |c Adult Collection   |e Cawangan Tangkak 
999 |a 0001009033   |b Book   |c Adult Collection   |e Perbadanan Perpustakaan Awam Johor 
999 |a 0001009034   |b Book   |c Adult Collection   |e Perbadanan Perpustakaan Awam Johor 
999 |a 0001009035   |b Book   |c Adult Collection   |e Perbadanan Perpustakaan Awam Johor